Brightest Minor Planets by Type - Statistics

General Stats
  • This quiz has been taken 4 times
  • The average score is 28 of 80
Answer Stats
Hint Answer % Correct
Main-Belt Asteroids 5.6 10 Hygiea
100%
Plutinos -0.5 134340 Pluto
100%
Other KBOs 0.1 136108 Haumea
100%
Other TNOs -1.2 136199 Eris
100%
Other KBOs -0.2 136472 Makemake
100%
Other KBOs 3.5 174567 Varda
100%
Main-Belt Asteroids 3.4 1 Ceres
100%
Other KBOs 3.8 20000 Varuna
100%
Other TNOs 1.8 225088 Gonggong
100%
Plutinos 3.5 28978 Ixion
100%
Main-Belt Asteroids 4.1 2 Pallas
100%
Other KBOs 3.6 307261 Máni
100%
Main-Belt Asteroids 3.2 4 Vesta
100%
Other KBOs 2.4 50000 Quaoar
100%
Other TNOs 1.5 90377 Sedna
100%
Plutinos 2.1 90482 Orcus
100%
Main-Belt Asteroids 5.4 15 Eunomia
67%
Plutinos 3.7 208996 Achlys
67%
Other TNOs 3.4 229762 G!kunǁ'homdima
67%
Main-Belt Asteroids 5.2 3 Juno
67%
Other TNOs 3.1 532037 Chiminigagua
67%
Other KBOs 3.4 55565 Aya
67%
Main-Belt Asteroids 5.6 6 Hebe
67%
Main-Belt Asteroids 5.7 7 Iris
67%
Centaurs 6.6 10199 Chariklo
33%
Hungaria Asteroids 12.2 1103 Sequoia
33%
Hildas 9.4 1180 Rita
33%
Hildas 7.7 153 Hilda
33%
Near-Earth Objects 13.5 1747 Wright
33%
Hungaria Asteroids 12.5 1866 Sisyphus
33%
Other TNOs 3.8 2010 JO179
33%
Other TNOs 3.5 2014 UZ224
33%
Other TNOs 3.5 2017 OF201
33%
Plutinos 4.3 2017 OF69
33%
Centaurs 5.5 2060 Chiron
33%
Near-Earth Objects 14.4 21088 Chelyabinsk
33%
Main-Belt Asteroids 6.0 29 Amphitrite
33%
Near-Earth Objects 14.4 3200 Phaethon
33%
Hildas 7.6 334 Chicago
33%
Near-Earth Objects 10.4 433 Eros
33%
Hungaria Asteroids 11.2 434 Hungaria
33%
Hungaria Asteroids 12.6 4954 Eric
33%
Main-Belt Asteroids 5.9 532 Herculina
33%
Hungaria Asteroids 12.5 1025 Riema
0%
Hungaria Asteroids 12.6 1139 Atami
0%
Hildas 9.1 1268 Libya
0%
Hildas 8.8 1269 Rollandia
0%
Hungaria Asteroids 12.5 1453 Fennia
0%
Other KBOs 3.7 145452 Ritona
0%
Hildas 9.5 1512 Oulu
0%
Near-Earth Objects 14.3 1685 Toro
0%
Hungaria Asteroids 12.6 1727 Mette
0%
Hildas 9.3 1902 Shaposhnikov
0%
Hildas 7.9 190 Ismene
0%
Near-Earth Objects 14.1 1951 Lick
0%
Near-Earth Objects 13.8 1980 Tezcatlipoca
0%
Near-Earth Objects 14.4 1998 TU3
0%
Other KBOs 3.5 2002 TX300
0%
Plutinos 4.3 2003 UZ413
0%
Plutinos 4.0 2003 VS2
0%
Plutinos 4.5 2004 PF115
0%
Plutinos 4.3 2004 TY364
0%
Plutinos 4.4 2004 UX10
0%
Other TNOs 3.7 2005 QU182
0%
Centaurs 7.1 2005 RO43
0%
Centaurs 6.7 2007 RW10
0%
Centaurs 6.8 2013 KY18
0%
Centaurs 6.6 2013 TC146
0%
Centaurs 6.4 2014 NW65
0%
Centaurs 6.8 2015 XW379
0%
Other TNOs 3.6 2021 DR15
0%
Centaurs 7.1 2023 FQ61
0%
Hungaria Asteroids 12.4 2035 Stearns
0%
Near-Earth Objects 14.1 3122 Florence
0%
Hungaria Asteroids 12.3 3447 Burckhalter
0%
Hildas 8.4 361 Bononia
0%
Near-Earth Objects 14.5 4205 David Hughes
0%
Centaurs 7.1 5145 Pholus
0%
Other KBOs 3.8 55637 Uni
0%
Hildas 9.1 748 Simeisa
0%
No matching quizzes found
Score Distribution
Percent of People with Each Score
Percentile by Number Answered
Your Score History
You have not taken this quiz